| 000 | 01892cam a2200385 a 4500 | ||
|---|---|---|---|
| 999 |
_c129626 _d129626 |
||
| 001 | 16799908 | ||
| 003 | ARRUPE | ||
| 005 | 20190522093306.0 | ||
| 008 | 110527s2011 enka b 001 0 eng d | ||
| 010 | _a 2011281830 | ||
| 020 | _a9780199559282 | ||
| 020 | _a0199559287 | ||
| 035 | _a(OCoLC)ocn679931094 | ||
| 040 |
_aBTCTA _beng _cBTCTA _dYDXCP _dWHP _dVP@ _dCDX _dITJCU _dUAT _dBWX _dNLE _dDLC |
||
| 042 | _alccopycat | ||
| 050 | 0 | 0 |
_aBP75 _b.B66 2011 |
| 082 | 0 | 4 |
_a297.63 _222 |
| 100 | 1 |
_aBrown, Jonathan _q(Jonathan A. C.) _946464 |
|
| 245 | 1 | 0 |
_aMuhammad : _ba very short introduction / _cJonathan A. C. Brown. |
| 260 |
_aOxford ; _aNew York : _bOxford University Press, _c2011. |
||
| 300 |
_axviii, 140 p. : _bill. ; _c18 cm. |
||
| 490 | 1 |
_aVery short introductions ; _v261 |
|
| 504 | _aIncludes bibliographical references (p. 131-133) and index. | ||
| 520 | _aAn introduction to the major aspects of Muhammad's life and its importance, providing both Muslim and Western historical perspectives. It explains the prominent roles that Muhammad's persona has played in the Islamic world throughout history, from the medieval to the modern period. | ||
| 600 | 0 | 0 |
_aMuḼammad, _cProphet, _d-632. _927518 |
| 650 | 0 |
_aIslam _xOrigin. _946465 |
|
| 650 | 0 |
_aIslam _xHistory. _94864 |
|
| 651 | 0 |
_aIslamic Empire _xHistory _y622-661. _946466 |
|
| 830 | 0 |
_aVery short introductions ; _v261. _946467 |
|
| 856 | 4 | 2 |
_3Contributor biographical information _uhttp://www.loc.gov/catdir/enhancements/fy1114/2011281830-b.html |
| 856 | 4 | 2 |
_3Publisher description _uhttp://www.loc.gov/catdir/enhancements/fy1114/2011281830-d.html |
| 856 | 4 | 1 |
_3Table of contents only _uhttp://www.loc.gov/catdir/enhancements/fy1114/2011281830-t.html |
| 906 |
_a7 _bcbc _ccopycat _d2 _encip _f20 _gy-gencatlg |
||
| 942 |
_2lcc _cMONOGRAPH |
||